Datum a čas kvízu
23.5
Celkem bodů
Celkový počet nahraných bodů na tomto kvízu bez doplňovacích otázek.
10.
Pořadí na kvízu
Konečné umístění týmu na tomto kvízu.
Zaznamenané odpovědi
| # | Otázka | Odpověď | Body | Výsledky |
|---|---|---|---|---|
| 1. | V Olomouci se objevil případ m... | na sušáku na prádlo (na klepači na koberce) | 0 | |
| 2. | Donald Trump oznámil, že chce... | vítězný oblouk | 0 | |
| 3. | Jak si říká anglický zpěvák, k... | Yungblud | 1 | |
| 4. | Která společnost se umístila n... | Apple | 0 | |
| 5. | Fotbalisté z malého afrického... | Kapverdy | 1 | |
| 6. | Asijská poušť Karakum, uprostř... | Turkmenistán | 0 | |
| 7. | Uveďte, kterým čtyřpísmenným p... | vádí | 0 | |
| 8. | Vyberte, se kterým živočichem... | B | 1 | |
| 9. | Vojáci Československého pěšího... | Tobruk | 1 | |
| 10. | Který spisovatel je autorem vě... | Frank Herbert | 1 |